000 00651nam a2200241Ia 4500
003 OSt
005 20220926013137.0
006 a|||||r|||| 00| 0
007 ta
008 220923b |||||||| |||| 00| 0 eng d
037 _cGeneral Book
040 _aRTL
_cRTL
_beng
041 _2eng
_aeng
082 _aU:(G:5), L8
100 _aPianka Eric R
_9317853
245 0 _aEvolutionary ecology
250 _a2nd
260 _aNew York
_bHarper and Row U S A
_c1978
300 _axii,397p. Bib p. 333-70
_ccm.
650 _aModern - Geography
_9231135
942 _hU:(G:5), L8
_cGB
_2CC
999 _c625223
_d625223